00541nam a2200169Ia 4500003000400000008004100004040001600045082001800061100003400079245006400113260006100177300002700238490003500265650001900300650002600319650002600345GCL140319s9999 xx 000 0 ara d aGCL / cGCL04aطb813bوط1 aوكالة المطبوعات10aالطبيب يزورنى / cوكالة المطبوعات aالكويت : bوكالة المطبوعات ، c1986 a:bايض ؛ c15 سم aمجموعة المعارفv004aالاطفال04aقصص الاطفال04aادب الاطفال